Podoby dizajnu : Marián Ihring /

Salvato in:
Dettagli Bibliografici
Autore principale: Farkašová, Elena, 1969 (Autore)
Altri autori: Baďura, René (Revisore), Debnár, Miroslav (Revisore)
Natura: Libro
Lingua:slovacco
Pubblicazione: Zvolen : Technická univerzita vo Zvolene, 2018
Edizione:1. vydanie
Soggetti:
Tags: Aggiungi Tag
Nessun Tag, puoi essere il primo ad aggiungerne!!

MARC

LEADER 00000nam a22000003a 4500
001 0089356
003 SK-STU
005 20210706123421.7
007 ta
008 210706s ----xo-----e------000-0-----d
020 |a 978-80-228-3080-5 
040 |a STU  |b slo 
041 0 |a slo 
044 |a xo 
100 1 |a Farkašová, Elena,  |d 1969  |4 aut 
245 1 0 |a Podoby dizajnu :  |b Marián Ihring /  |c aut. Elena Farkašová ; rec. René Baďura, Miroslav Debnár 
250 |a 1. vydanie 
260 |a Zvolen :  |b Technická univerzita vo Zvolene,  |c 2018 
300 |a 137 s. 
650 0 7 |a život a dielo 
650 0 7 |a dizajn produktový 
650 0 7 |a nábytok dizajnový 
650 0 7 |a architektúra a dizajn 
650 0 7 |a interiér 
650 0 7 |a priemyselný dizajn 
650 0 7 |a grafický dizajn 
700 1 |a Baďura, René  |4 rev 
700 1 |a Debnár, Miroslav  |4 rev 
996 |b 284AU08755  |c A* 12033/U  |l AAKNST  |s P  |a 0  |w 0089356_0001 
996 |b 284AU08756  |c A* 12034/U  |l AAKNAR  |s A  |a 24  |w 0089356_0002 
996 |b 284AU08757  |c A* 12035/U  |l AAKNAR  |s A  |a 24  |w 0089356_0003